| 000 | 00527cam a22001331 4500 | ||
|---|---|---|---|
| 082 |
_a975.5 _bAND |
||
| 100 | 1 |
_aAnderson, John H. [from old catalog] _950488 |
|
| 245 | 1 | 0 |
_aGrant's campaign in Virginia, May 1-June 30, 1864 including the operations in the Shenandoah Valley and on the River James, _cby J. H. Anderson ... |
| 260 |
_aLondon, _bH. Rees. ltd., _cC1908. |
||
| 300 |
_a104 p. : _bfold. map (in pocket) 8 fold. plans. ; _c22 cm. |
||
| 526 |
_a0 _b0 _c0 _d975_500000000000000_AND |
||
| 650 |
_aMCE _9379 |
||
| 942 |
_2ddc _cBK |
||
| 999 |
_c553230 _d553230 |
||